[Event "Cto Equipos Aragon 2013 Preferente II"]
[Site "Aragon"]
[Date "2013.03.02"]
[Round "6.55"]
[White "Portero Garnica, Miguel Angel"]
[Black "Pes Mateo, Angel"]
[Result "1-0"]
[WhiteElo "2118"]
[BlackElo "2029"]
[PlyCount "73"]
[EventDate "2013.??.??"]
[EventType "tourn"]
[EventRounds "9"]
[EventCountry "ESP"]
[WhiteTeam "Marcos Frechin"]
[BlackTeam "CCOO Delicias B"]

1. e4 c5 2. Nf3 a6 3. d4 cxd4 4. Nxd4 Nf6 5. Nc3 d6 6. Be2 e5 7. Nb3 Nbd7 8. a4
b6 9. O-O Bb7 10. Qd3 Be7 11. Be3 Rc8 12. Rad1 Qc7 13. Rd2 O-O 14. f3 Rfe8 15.
g4 h6 16. h4 d5 17. exd5 Bb4 18. d6 Qc6 19. g5 Bxc3 20. bxc3 Ng4 21. gxh6 Re6
22. hxg7 e4 23. Qd4 Nxe3 24. Qxe3 Rxd6 25. fxe4 Rg6+ 26. Kh2 Qc7+ 27. Qf4 Qxf4+
28. Rxf4 Nf6 29. h5 Rh6 30. e5 Nd5 31. Rf5 Rxc3 32. Bf3 Rxf3 33. Rxf3 Rxh5+ 34.
Rh3 Rg5 35. Rg3 Rxe5 36. c4 Rh5+ 37. Kg1 1-0

[Event "Cto Equipos Aragon 2013 Preferente II"]
[Site "Aragon"]
[Date "2013.03.02"]
[Round "6.56"]
[White "Dominguez Luzon, Fernando"]
[Black "Sancho Cortes, Miguel Angel"]
[Result "0-1"]
[WhiteElo "1992"]
[BlackElo "2083"]
[PlyCount "74"]
[EventDate "2013.??.??"]
[EventType "tourn"]
[EventRounds "9"]
[EventCountry "ESP"]
[WhiteTeam "CCOO Delicias B"]
[BlackTeam "Marcos Frechin"]

1. d4 f5 2. Bg5 g6 3. e3 Bg7 4. c4 Nf6 5. Nc3 c6 6. Bd3 Na6 7. a3 d6 8. Nf3 Nc7
9. O-O O-O 10. b4 Qe8 11. Re1 e5 12. e4 f4 13. Bxf6 Bxf6 14. d5 cxd5 15. cxd5
g5 16. Nd2 g4 17. Be2 Qg6 18. g3 h5 19. f3 Bg5 20. Nf1 h4 21. fxg4 fxg3 22. Ra2
Bf4 23. h3 Ne8 24. Bf3 Bd7 25. Qd3 Nf6 26. Ne3 Bxe3+ 27. Qxe3 Nh7 28. Bg2 Rf7
29. a4 Raf8 30. Rf1 Ng5 31. b5 Rxf1+ 32. Bxf1 Rxf1+ 33. Kxf1 Nxh3 34. Qxa7 Qxg4
35. Qe3 Nf4 36. Ne2 Qh3+ 37. Ke1 Ng2+ 0-1

[Event "Cto Equipos Aragon 2013 Preferente II"]
[Site "Aragon"]
[Date "2013.03.02"]
[Round "6.58"]
[White "Gimeno Oteo, Marco Antonio"]
[Black "Valiente Roy, Jose Javier"]
[Result "1-0"]
[WhiteElo "2119"]
[BlackElo "2031"]
[PlyCount "85"]
[EventDate "2013.??.??"]
[EventType "tourn"]
[EventRounds "9"]
[EventCountry "ESP"]
[WhiteTeam "San Jose"]
[BlackTeam "Ramiro B"]

1. e4 c6 2. d4 d5 3. f3 dxe4 4. fxe4 e5 5. Nf3 Bg4 6. Bc4 Nd7 7. O-O Ngf6 8.
dxe5 Bc5+ 9. Kh1 Bxf3 10. Bxf7+ Kxf7 11. Qxf3 Nxe5 12. Qh5+ Ng6 13. Qxc5 Qe7
14. Qc4+ Qe6 15. Qb4 b6 16. Bg5 Rhe8 17. Nd2 h6 18. Bxf6 gxf6 19. e5 c5 20. Qa4
Qxe5 21. Nf3 Qe4 22. Qb3+ Kg7 23. Rad1 Rad8 24. Rxd8 Rxd8 25. Re1 Qd5 26. Qe3
Rd7 27. Qe8 Qf7 28. Qc8 Re7 29. Rxe7 Qxe7 30. Qg4 Kh7 31. h4 Ne5 32. Qf5+ Kg7
33. h5 Nxf3 34. Qg6+ Kf8 35. Qxh6+ Kg8 36. Qg6+ Kh8 37. gxf3 Qe1+ 38. Kg2 Qe2+
39. Kg3 Qe5+ 40. Kh3 Qf4 41. Qg4 Qe5 42. c3 f5 43. Qg6 {Negro pierde por
tiempo.} 1-0

[Event "Cto Equipos Aragon 2013 Preferente II"]
[Site "Aragon"]
[Date "2013.03.02"]
[Round "6.59"]
[White "Munoz Suarez, Luis Alberto"]
[Black "Gutierrez Minguenza, Ruben"]
[Result "1-0"]
[WhiteElo "1996"]
[BlackElo "2078"]
[PlyCount "60"]
[EventDate "2013.??.??"]
[EventType "tourn"]
[EventRounds "9"]
[EventCountry "ESP"]
[WhiteTeam "Ramiro B"]
[BlackTeam "San Jose"]

1. e4 c5 2. Nf3 Nc6 3. d4 cxd4 4. Nxd4 Nf6 5. Nc3 e5 6. Ndb5 d6 7. Bg5 a6 8.
Na3 b5 9. Nd5 Be7 10. Bxf6 Bxf6 11. c3 Ne7 12. Nxe7 Bxe7 13. Nc2 Bb7 14. Qg4 h5
15. Qf3 d5 16. Bd3 d4 17. O-O O-O 18. cxd4 exd4 19. Qxh5 g6 20. Qe2 Re8 21. f4
Rc8 22. f5 Bg5 23. e5 Rc5 24. e6 f6 25. Qg4 Rxc2 26. Bxc2 Be3+ 27. Kh1 a5 28.
Be4 Re7 29. Bxb7 Rxb7 30. Rf3 Qc8 1-0

[Event "Cto Equipos Aragon 2013 Preferente II"]
[Site "Aragon"]
[Date "2013.03.02"]
[Round "6.60"]
[White "Palomar Ramon, Santiago"]
[Black "Salas Calvo, Alberto"]
[Result "1-0"]
[WhiteElo "1970"]
[BlackElo "1711"]
[PlyCount "47"]
[EventDate "2013.??.??"]
[EventType "tourn"]
[EventRounds "9"]
[EventCountry "ESP"]
[WhiteTeam "San Jose"]
[BlackTeam "Ramiro B"]

1. e4 g6 2. d4 Bg7 3. Nc3 d6 4. Bg5 Nd7 5. Qd2 c5 6. Nf3 a6 7. Be2 cxd4 8. Nxd4
Ngf6 9. a4 Qa5 10. f3 Nc5 11. O-O O-O 12. Rfd1 Qb6 13. a5 Qc7 14. b4 Ne6 15.
Be3 Bd7 16. Na4 Nxd4 17. Bxd4 Be6 18. Nb6 Rae8 19. c4 Nd7 20. Bxg7 Kxg7 21.
Nxd7 Qxd7 22. c5 Rd8 23. Rac1 Bb3 24. Qc3+ 1-0

[Event "Cto Equipos Aragon 2013 Preferente II"]
[Site "Aragon"]
[Date "2013.03.02"]
[Round "6.61"]
[White "Dominguez Bujeda, Jesus"]
[Black "Gracia Campo, Carlos Alberto"]
[Result "0-1"]
[WhiteElo "2146"]
[BlackElo "2043"]
[PlyCount "82"]
[EventDate "2013.??.??"]
[EventType "tourn"]
[EventRounds "9"]
[EventCountry "ESP"]
[WhiteTeam "Teruel"]
[BlackTeam "El Olivar B"]

1. d4 d5 2. c4 e6 3. Nc3 Nf6 4. cxd5 exd5 5. Bg5 Be7 6. e3 Bf5 7. Qb3 c6 8.
Qxb7 Qb6 9. Qxb6 axb6 10. Nf3 Nbd7 11. Be2 Bb4 12. O-O Bxc3 13. bxc3 Ne4 14.
Rfc1 f6 15. Bf4 g5 16. Bg3 b5 17. Ne1 Ra3 18. Nc2 Nxg3 19. hxg3 Bxc2 20. Rxc2
Ke7 21. Rb1 Rha8 22. Rbb2 Nb6 23. Bd3 h6 24. e4 Kd6 25. exd5 Kxd5 26. f3 Nc4
27. Be4+ Kd6 28. Rb1 Rxa2 29. Rbc1 Ne3 30. Rf2 f5 31. Bd3 f4 32. gxf4 gxf4 33.
Bb1 R2a7 34. Re2 Rg8 35. g4 h5 36. Rh2 hxg4 37. Rh6+ Kc7 38. Be4 gxf3+ 39. Kh1
f2 40. Rxc6+ Kd8 41. Rh6 Rag7 0-1

[Event "Cto Equipos Aragon 2013 Preferente II"]
[Site "Aragon"]
[Date "2013.03.02"]
[Round "6.62"]
[White "Bailo Remacha, Santiago"]
[Black "Martin Catalan, Juan Vicente"]
[Result "1/2-1/2"]
[WhiteElo "2030"]
[BlackElo "2096"]
[PlyCount "94"]
[EventDate "2013.??.??"]
[EventType "tourn"]
[EventRounds "9"]
[EventCountry "ESP"]
[WhiteTeam "El Olivar B"]
[BlackTeam "Teruel"]

1. Nf3 Nf6 2. c4 e6 3. g3 d5 4. Bg2 Be7 5. O-O O-O 6. cxd5 exd5 7. d4 Bf5 8.
Qb3 Qc8 9. Nc3 c6 10. Bf4 Ne4 11. Rac1 Nxc3 12. Rxc3 Nd7 13. Nd2 Nf6 14. a3 h6
15. Be5 Qd7 16. f3 Ne8 17. g4 Be6 18. h3 f5 19. Qc2 f4 20. e3 Bd6 21. exf4 Rxf4
22. Bxf4 Bxf4 23. Nb3 Nd6 24. Nc5 Qf7 25. Re1 Re8 26. Nd3 Bg3 27. Re2 Nb5 28.
Ne5 Bxe5 29. Rxe5 Nxc3 30. Qxc3 Qf4 31. Kf2 Bd7 32. Rxe8+ Bxe8 33. Qe3 Qxe3+
34. Kxe3 g5 35. f4 Kg7 36. Kf3 Kf6 37. Kg3 Bg6 38. h4 Bd3 39. hxg5+ hxg5 40.
Bf3 a5 41. b4 axb4 42. axb4 b6 43. f5 Ba6 44. Kf2 Bb5 45. Ke3 Bc4 46. Be2 Bxe2
47. Kxe2 b5 1/2-1/2

[Event "Cto Equipos Aragon 2013 Preferente II"]
[Site "Aragon"]
[Date "2013.03.02"]
[Round "6.63"]
[White "Vicente Sanz, Fernando"]
[Black "Bayod Rubia, Angel"]
[Result "1/2-1/2"]
[WhiteElo "1935"]
[BlackElo "2024"]
[PlyCount "52"]
[EventDate "2013.??.??"]
[EventType "tourn"]
[EventRounds "9"]
[EventCountry "ESP"]
[WhiteTeam "Teruel"]
[BlackTeam "El Olivar B"]

1. d4 Nf6 2. c4 g6 3. Nc3 Bg7 4. e4 d6 5. f3 O-O 6. Be3 c6 7. Bd3 Qc7 8. Nge2
Nbd7 9. Rc1 e5 10. d5 Ne8 11. O-O a6 12. b4 c5 13. bxc5 Nxc5 14. Bc2 Nf6 15.
Na4 Nfd7 16. Nxc5 Nxc5 17. Nc3 Rb8 18. Na4 b6 19. Nxc5 bxc5 20. Ba4 Bd7 21. Qc2
f5 22. Rb1 fxe4 23. Rxb8 Rxb8 24. Bxd7 Qxd7 25. fxe4 Qb7 26. Qa4 Rd8 1/2-1/2

[Event "Cto Equipos Aragon 2013 Preferente II"]
[Site "Aragon"]
[Date "2013.03.02"]
[Round "6.64"]
[White "Labrador Postigo, Francisco Manuel"]
[Black "Barcena Laguia, Francisco"]
[Result "0-1"]
[WhiteElo "1917"]
[BlackElo "1905"]
[PlyCount "126"]
[EventDate "2013.??.??"]
[EventType "tourn"]
[EventRounds "9"]
[EventCountry "ESP"]
[WhiteTeam "El Olivar B"]
[BlackTeam "Teruel"]

1. d4 Nf6 2. Nf3 c5 3. d5 d6 4. c4 e5 5. Nc3 Be7 6. e4 Nbd7 7. Be2 h5 8. Bg5
Nh7 9. Bxe7 Qxe7 10. Qd2 Ndf8 11. O-O-O Ng6 12. g3 Bd7 13. h4 a6 14. Ng5 Nf6
15. f3 b5 16. Rdf1 bxc4 17. f4 Bg4 18. f5 Nf8 19. Bxc4 Qb7 20. Rh2 Qb4 21. Qd3
Qb8 22. Nd1 Qb6 23. Ne3 N8d7 24. Bb3 O-O 25. Nc4 Qc7 26. Qc3 a5 27. Ba4 Nb6 28.
Bc6 Nxc4 29. Bxa8 Rxa8 30. Qxc4 Rb8 31. Rd2 Rb4 32. Qa6 Rb8 33. Re1 Kf8 34. Re3
Rb4 35. Ra3 Nxe4 36. Nxe4 Rxe4 37. Qa8+ Ke7 38. Rxa5 Re1+ 39. Kc2 Bxf5+ 40. Rd3
Bxd3+ 41. Kxd3 Qb6 42. Qa7+ Qxa7 43. Rxa7+ Kf6 44. a4 Rd1+ 45. Ke4 Rd4+ 46. Ke3
Rxd5 47. a5 Rd4 48. a6 Ra4 49. b3 Ra3 50. Kd2 Rxb3 51. Rb7 Ra3 52. a7 Ke6 53.
Kc2 e4 54. Kb2 Ra6 55. Kc3 g6 56. Kc4 f5 57. Kb5 Ra1 58. Kb6 e3 59. Rb8 Kd5 60.
a8=Q+ Rxa8 61. Rxa8 Ke4 62. Kb5 Kf3 63. Re8 Kf2 0-1

[Event "Cto Equipos Aragon 2013 Preferente II"]
[Site "Aragon"]
[Date "2013.03.02"]
[Round "6.65"]
[White "Landa Garriga, Francisco Javier"]
[Black "Fernandez Rubio, Rafael"]
[Result "0-1"]
[WhiteElo "1900"]
[BlackElo "2062"]
[PlyCount "72"]
[EventDate "2013.??.??"]
[EventType "tourn"]
[EventRounds "9"]
[EventCountry "ESP"]
[WhiteTeam "ONCE C.A. Aragon B"]
[BlackTeam "Tauste"]

1. e4 c5 2. Nf3 d6 3. d4 cxd4 4. Nxd4 g6 5. Be3 Bg7 6. Nc3 Nf6 7. Qd2 O-O 8. f3
Nc6 9. Bc4 a6 10. h4 Ne5 11. Bb3 h5 12. Bh6 b5 13. Qg5 e6 14. O-O-O Nc4 15.
Bxg7 Kxg7 16. Qg3 Qb6 17. Qg5 Bb7 18. Bxc4 bxc4 19. e5 dxe5 20. Qxe5 Rac8 21.
g4 Rc5 22. Qe3 Qa5 23. g5 Ng8 24. Rhf1 Ne7 25. f4 Ba8 26. a3 Qc7 27. Rf2 Rb8
28. Re2 Nf5 29. Nxf5+ Rxf5 30. Qd4+ Kg8 31. Rf2 Qb7 32. Ne2 Rd5 33. Qc3 Rxd1+
34. Kxd1 Qh1+ 35. Kd2 Rd8+ 36. Ke3 Qh3+ 0-1

[Event "Cto Equipos Aragon 2013 Preferente II"]
[Site "Aragon"]
[Date "2013.03.02"]
[Round "6.66"]
[White "Vera Jimenez, Andres"]
[Black "Gimeno Diaz, Fernando"]
[Result "0-1"]
[WhiteElo "1986"]
[BlackElo "1891"]
[PlyCount "88"]
[EventDate "2013.??.??"]
[EventType "tourn"]
[EventRounds "9"]
[EventCountry "ESP"]
[WhiteTeam "Tauste"]
[BlackTeam "ONCE C.A. Aragon B"]

1. d4 Nf6 2. Nf3 g6 3. Bf4 Bg7 4. e3 O-O 5. Nbd2 d6 6. h3 Nbd7 7. Be2 Re8 8.
Bh2 e5 9. dxe5 Nxe5 (9... dxe5 10. e4 Qe7 11. c3 b6 12. Bc4 Bb7 13. Qe2 a6 14.
O-O b5 15. Bd3 c5) 10. Nxe5 dxe5 11. Nc4 Qxd1+ $6 {En este momento me di
cuenta de que estaba peor por lo que cambié damas ya que veía mucha presión
sobre e5, no vi las siguientes variantes.} (11... Bf5 $1 12. Nxe5 Nd5 13. f4 (
13. Nd3 Qg5 14. Bf3 (14. Rb1 Be4 15. Bf3 (15. Bf1 Bxd3 16. Qxd3 Nxe3) 15...
Bxf3 16. Qxf3 Nxe3) 14... Bxd3 15. Qxd3 Nxe3) 13... Bxe5 14. fxe5 Qh4+ 15. g3
Qe4) 12. Rxd1 Ne4 13. f3 Nc5 14. e4 b6 15. b4 Na4 16. Bd3 Nc3 17. Ra1 f5 (17...
a5 18. bxa5 b5 19. Ne3 Rxa5) 18. Kd2 fxe4 19. fxe4 Nb5 20. Nxb6 $1 {Este golpe
no lo vi y al hacerlo mi rival empecé a pensar que estaba ya perdiendo la
partida, por lo que busqué intentar crear algo de contrajuego para ver si se
equivocaba.} Bh6+ 21. Ke1 (21. Kd1 $2 Nc3+ {Jugué la intermedia por si mi
rival se equivocaba y llevaba el rey a d1 ó e2, pero no se equivocó por esta
vez.}) 21... axb6 22. Bxb5 Re7 23. Bc6 Ra3 24. Rf1 Be6 {Veo que mi alfil está
sin desarrollar y que esta jugada puede tratar de complicar el juego
ofreciéndole el peón de e5.} 25. Bxe5 Bc4 26. Bf6 $2 {La estrategia ha surtido
efecto, mi rival ha gastado bastente más tiempo que yo y comete el error
decisivo.} (26. Bb2 Re3+ 27. Kf2 Rf7+ 28. Kg1 Bxf1 29. Bd5 (29. Rxf1 Kf8 30.
Rxf7+ Kxf7) 29... Ba6 30. Bxf7+ Kxf7) 26... Re6 27. Bb2 Re3+ 28. Kf2 Re2+ 29.
Kf3 Rxc6 30. Rfd1 Rxc2 31. Rd8+ Kf7 32. Be5 Ke6 33. Re8+ Kf7 34. Rh8 Be2+ 35.
Kg3 Bg5 36. Rxh7+ Ke6 37. Bg7 R6c4 38. Bf8 Rxe4 39. a4 Bf4+ 40. Kf2 Bh5+ 41.
Kf1 Be2+ 42. Kf2 Be5 43. Re7+ Kf6 44. Ra3 Bd4+ (44... Bg4+ {También se da mate
con Ah5+, no calculé nada de esto porque ya era evidente que lo que jugué
ganaba material.} 45. Kf1 Rc1+ 46. Kf2 Re2#) 0-1

[Event "Cto Equipos Aragon 2013 Preferente II"]
[Site "Aragon"]
[Date "2013.03.02"]
[Round "6.67"]
[White "Gayan Carceller, Miguel Angel"]
[Black "Sierra Aguerri, Joaquin"]
[Result "0-1"]
[WhiteElo "1875"]
[BlackElo "1978"]
[PlyCount "104"]
[EventDate "2013.??.??"]
[EventType "tourn"]
[EventRounds "9"]
[EventCountry "ESP"]
[WhiteTeam "ONCE C.A. Aragon B"]
[BlackTeam "Tauste"]

1. d4 e6 2. Nf3 f5 3. Bg5 Nf6 4. e3 b6 5. Ne5 Bb7 6. Nd2 d6 7. Bb5+ c6 8. Bd3
dxe5 9. dxe5 h6 10. Bh4 g5 11. exf6 gxh4 12. Qh5+ Kd7 13. Qf7+ Kc8 14. Bc4 Nd7
15. Bxe6 Kc7 16. O-O-O Qe8 17. Qxe8 Rxe8 18. Bxf5 Nxf6 19. e4 Bd6 20. g3 Bc5
21. f3 Ba6 22. c4 Be3 23. b3 Rhg8 24. g4 h3 25. Kc2 Bf4 26. Nf1 Rd8 27. Re1
Rge8 28. Ng3 b5 29. Ne2 Bd6 30. Nd4 Bb4 31. Rd1 Rd6 32. cxb5 cxb5 33. Rd3 Kb6
34. Rhd1 Bc5 35. Ne2 Rxd3 36. Rxd3 b4 37. Rd2 Bxe2 38. Rxe2 Bd6 39. Kd3 Be5 40.
Ke3 Rd8 41. f4 Bd4+ 42. Kf3 Bc3 43. e5 Ng8 44. Bh7 Ne7 45. f5 Rh8 46. Bg6 Nxg6
47. fxg6 Re8 48. g7 Kc7 49. Kf4 Rg8 50. e6 Kd8 51. Re3 Bd2 52. Kf5 Bxe3 0-1

[Event "Cto Equipos Aragon 2013 Preferente II"]
[Site "Aragon"]
[Date "2013.03.02"]
[Round "6.69"]
[White "Castillo Sanjuan, Daniel"]
[Black "Planas Torrea, Francisco Javier"]
[Result "0-1"]
[WhiteElo "2017"]
[BlackElo "1996"]
[PlyCount "96"]
[EventDate "2013.??.??"]
[EventType "tourn"]
[EventRounds "9"]
[EventCountry "ESP"]
[WhiteTeam "Ibercaja C"]
[BlackTeam "Ejea"]

1. e4 c6 2. d4 d5 3. Nc3 dxe4 4. Nxe4 Bf5 5. Ng3 Bg6 6. N1e2 e6 7. Nf4 Nf6 8.
h4 Bd6 9. h5 Bf5 10. Nxf5 Qa5+ 11. c3 Qxf5 12. Bd3 Qg4 13. Qxg4 Nxg4 14. h6 g6
15. Bd2 Nd7 16. f3 Ngf6 17. O-O-O O-O 18. g4 Nd5 19. Nxd5 exd5 20. Rde1 Rfe8
21. Bg5 Nf8 22. Bf6 Re6 23. Be5 Rae8 24. Kd2 Bxe5 25. dxe5 Rxe5 26. Ref1 Nd7
27. b4 Nb6 28. f4 R5e7 29. Rh2 Nc4+ 30. Bxc4 dxc4 31. f5 Rd7+ 32. Kc2 g5 33. f6
Kf8 34. Rf5 Rd5 35. Rf3 Re4 36. Rhf2 Ree5 37. a4 Ke8 38. a5 a6 39. Rg3 Kd7 40.
Rgg2 Ke6 41. Rg3 Re4 42. Rgg2 Re3 43. Re2 Rxe2+ 44. Rxe2+ Kxf6 45. Re4 Rd7 46.
Rxc4 Kg6 47. Re4 Kxh6 48. Re8 Kg7 0-1

[Event "Cto Equipos Aragon 2013 Preferente II"]
[Site "Aragon"]
[Date "2013.03.02"]
[Round "6.70"]
[White "Planas Torrea, Alberto"]
[Black "Sanchez Castro, Roberto"]
[Result "0-1"]
[WhiteElo "1940"]
[BlackElo "2014"]
[PlyCount "68"]
[EventDate "2013.??.??"]
[EventType "tourn"]
[EventRounds "9"]
[EventCountry "ESP"]
[WhiteTeam "Ejea"]
[BlackTeam "Ibercaja C"]

1. e4 c5 2. Nf3 Nc6 3. d4 cxd4 4. Nxd4 Nf6 5. Nc3 e5 6. Ndb5 d6 7. Bg5 a6 8.
Bxf6 gxf6 9. Na3 b5 10. Nd5 f5 11. Bd3 Be6 12. Qh5 Ra7 13. O-O f4 14. Rad1 Rg8
15. Nxb5 Bg4 16. Qxh7 Rg7 17. Qxg7 Bxg7 18. Nxa7 Nxa7 19. f3 Bc8 20. c3 Bb7 21.
Bc4 Bxd5 22. Bxd5 Bf6 23. Rd2 Qb6+ 24. Kh1 Bd8 25. Rfd1 Bc7 26. g4 Nc8 27. Bc4
Ne7 28. Kg2 Ng6 29. Kh3 Qe3 30. Be2 d5 31. exd5 e4 32. d6 Bb6 33. d7+ Kd8 34.
Rd6 Qxe2 {tiempo} 0-1

[Event "Cto Equipos Aragon 2013 Preferente II"]
[Site "Aragon"]
[Date "2013.03.02"]
[Round "6.71"]
[White "Carrasquer Munoz, Alberto"]
[Black "Merin Flores, Miguel Angel"]
[Result "0-1"]
[WhiteElo "1844"]
[BlackElo "1716"]
[PlyCount "76"]
[EventDate "2013.??.??"]
[EventType "tourn"]
[EventRounds "9"]
[EventCountry "ESP"]
[WhiteTeam "Ibercaja C"]
[BlackTeam "Ejea"]

1. e4 c6 2. d4 d5 3. e5 Bf5 4. Nc3 e6 5. g4 Bg6 6. Nge2 Bb4 7. a3 Be7 8. Nf4
Nd7 9. b4 Bg5 10. Ng2 Bxc1 11. Rxc1 h5 12. Nf4 Qg5 13. Nxg6 Qxg6 14. Rg1 h4 15.
Qd2 f6 16. Bd3 Qf7 17. f4 Ne7 18. Qf2 O-O-O 19. b5 fxe5 20. dxe5 c5 21. Na4 b6
22. c4 Rdf8 23. Rf1 Qe8 24. Qc2 g5 25. cxd5 Nxd5 26. Bg6 Qe7 27. Qe4 gxf4 28.
Nc3 Qg5 29. Nxd5 exd5 30. Qc2 Qxe5+ 31. Kf2 f3 32. Kg1 Rhg8 33. Rce1 Qd4+ 34.
Kh1 f2 35. Re2 Qxg4 36. Rexf2 Rxf2 37. Rxf2 Rxg6 38. Qc1 Qe4+ 0-1

[Event "Cto Equipos Aragon 2013 Preferente II"]
[Site "Aragon"]
[Date "2013.03.02"]
[Round "6.72"]
[White "Galvez Longas, Isaac"]
[Black "Orriach Gonzalez, Juan Manuel"]
[Result "1/2-1/2"]
[WhiteElo "1673"]
[BlackElo "1782"]
[PlyCount "129"]
[EventDate "2013.??.??"]
[EventType "tourn"]
[EventRounds "9"]
[EventCountry "ESP"]
[WhiteTeam "Ejea"]
[BlackTeam "Ibercaja C"]

1. c4 Nf6 2. Nc3 c5 3. g3 g6 4. Bg2 Bg7 5. Nf3 O-O 6. O-O d6 7. d3 Na6 8. Rb1
Nc7 9. Bg5 Bd7 10. Qd2 Re8 11. b4 cxb4 12. Rxb4 Rb8 13. Rfb1 b6 14. R4b3 Qc8
15. Ra3 a6 16. Rab3 b5 17. cxb5 axb5 18. a4 Qa6 19. axb5 Nxb5 20. Nxb5 Rxb5 21.
Rxb5 Bxb5 22. Nd4 Bd7 23. Nc2 Qa2 24. Rb7 Ba4 25. Nb4 Qb1+ 26. Qc1 Qxc1+ 27.
Bxc1 Rc8 28. Bd2 e6 29. Ra7 Bd1 30. e3 h6 31. Ra8 Rxa8 32. Bxa8 Ba4 33. d4 d5
34. Bc6 Bb3 35. f3 Bc4 36. Kf2 Bf8 37. Ba4 Kg7 38. Nc6 Bd6 39. Bb4 Bc7 40. Ne5
Bxe5 41. dxe5 Ng8 42. Bd7 h5 43. Ke1 Nh6 44. Kf2 g5 45. Be7 g4 46. Bg5 gxf3 47.
Bxh6+ Kxh6 48. Kxf3 Bd3 49. Kf4 Bg6 50. Be8 Kg7 51. Kg5 Kf8 52. Bb5 Kg7 53. Be2
Be4 54. Bxh5 Bh7 55. Be2 Be4 56. h4 Bc2 57. h5 Be4 58. Bb5 Bc2 59. g4 Be4 60.
h6+ Kf8 61. Kf6 Bg6 62. Bd7 Be4 63. Bb5 Bg6 64. Kg5 Ke7 65. Kf4 1/2-1/2

[Event "Cto Equipos Aragon 2013 Div. Honor I"]
[Site "Aragon"]
[Date "2013.03.09"]
[Round "7.1"]
[White "Cifuentes Parada, Roberto"]
[Black "Gil Capape, Marco Antonio"]
[Result "1-0"]
[WhiteElo "2472"]
[BlackElo "2084"]
[PlyCount "93"]
[EventDate "2013.??.??"]
[EventType "tourn"]
[EventRounds "7"]
[EventCountry "ESP"]
[WhiteTeam "Casino Jaque"]
[BlackTeam "Caissa - Hnos. Cortes"]

1. d4 Nf6 2. Nf3 g6 3. Bg5 Ne4 ({Más natural es,} 3... Bg7) 4. Bf4 d6 ({Contra
} 4... c5 5. Nbd2 Nxd2 6. Qxd2 Bg7 7. Bh6 Bxh6 8. Qxh6 cxd4 9. O-O-O Qa5 10.
Kb1 Nc6 11. Qg7 Rf8 12. Nxd4 Nxd4 13. Qxd4 d6 14. e4 Be6 15. a3 $14) ({
Preferible es,} 4... Bg7 5. Nbd2 d5 6. e3 Nxd2 7. Qxd2 O-O $14) 5. Nbd2 Bf5 6.
Nxe4 Bxe4 7. Ng5 $1 Bf5 8. e4 Bd7 9. Bc4 e6 10. h4 $1 $16 c5 $2 {En una
posición difícil las negras equivocan el rumbo.} (10... Bg7 11. h5 h6 12. hxg6
hxg5 13. Rxh8+ Bxh8 14. Qh5 Bf6 15. e5 gxf4 16. Qh7 $1 $18) ({Había que jugar} 
10... h6 $1 11. Nf3 Bg7 12. Qd2 Qe7 13. O-O-O {y el juego de las blancas es
más cómodo.}) 11. dxc5 $6 ({Rybka 4.0 sugiere:} 11. Qf3 $3 {y considera que la
posición de las blancas es muy ventajosa. Aquí muestro algunas continuaciones:}
Bg7 (11... Qe7 12. Bxd6 $1 Qxd6 13. Qxf7+ Kd8 14. Qf6+ Kc7 15. Qxh8 $18) (11...
Be7 12. dxc5 dxc5 13. Nxf7 $1 Kxf7 14. Bc7+ $18) 12. Bxd6 f6 $1 13. Bxe6 $1
Bxe6 14. Nxe6 Qxd6 15. Nxg7+ Kf7 16. e5 $1 Qe7 17. O-O-O Nc6 (17... Kxg7 18.
exf6+ Qxf6 19. Qxb7+ $18) 18. Ne6 $1 Qxe6 19. d5 Qf5 20. Qxf5 gxf5 21. dxc6 $16
) 11... Qa5+ 12. Qd2 (12. Bd2 $1 Qxc5 13. Qf3 f5 14. Qb3 $16) 12... Qxd2+ ({
Contra} 12... Qxc5 13. Bb3 h6 14. Nf3 Bc6 15. h5 $1 g5 (15... Bxe4 16. Be3 Qf5
17. Qc3 $1 e5 18. hxg6 fxg6 19. Ng5 $1 {y la posición de las negras se
desmorona.}) 16. Be3 Qb5 17. Qc3 Rg8 18. a4 Qa6 19. Bc4 b5 20. Bd3 $16) 13.
Bxd2 Bg7 ({Si} 13... dxc5 14. Bc3 Rg8 15. Nxh7 $16) 14. cxd6 b5 15. Bd3 Bxb2
16. Rb1 Be5 17. Bxb5 f6 $4 ({Había que jugar:} 17... h6 18. Nf3 Bxd6 19. Bc3
Rg8 20. Ne5 $16) 18. Nxe6 $18 {Un pequeño golpe que define la partida. El
resto es cuestión de técnica.} Bxd6 19. h5 Ke7 20. Nf4 Bxf4 21. Bxf4 Nc6 22.
Rd1 $1 Ne5 23. Bxd7 Nxd7 24. Bd6+ Kf7 25. Ba3 $1 Nb6 26. hxg6+ hxg6 27. Rxh8
Rxh8 28. Bc5 Re8 29. Bxb6 axb6 30. Rd7+ Kf8 31. f3 Ra8 32. Rd6 Rxa2 33. Rxf6+
Kg7 34. Rc6 b5 35. Kf2 b4 36. Kg3 Ra5 37. Kf4 Rb5 38. g3 Kf7 39. Kg4 b3 40.
cxb3 Rxb3 41. e5 Re3 42. f4 Ra3 43. Rc7+ Kf8 44. Kg5 $1 Ra6 (44... Rxg3+ 45.
Kf6 Ke8 46. e6 Kd8 47. e7+ $18) 45. Rd7 Ke8 46. Rg7 Ra3 47. g4 1-0

[Event "Cto Equipos Aragon 2013 Div. Honor I"]
[Site "Aragon"]
[Date "2013.03.09"]
[Round "7.2"]
[White "Carraminana Lopez, Luis Antonio"]
[Black "Accattato Martin, Mario"]
[Result "0-1"]
[WhiteElo "1998"]
[BlackElo "2169"]
[PlyCount "64"]
[EventDate "2013.??.??"]
[EventType "tourn"]
[EventRounds "7"]
[EventCountry "ESP"]
[WhiteTeam "Caissa - Hnos. Cortes"]
[BlackTeam "Casino Jaque"]

1. e4 d6 2. d4 Nf6 3. Nc3 e5 4. Nf3 Nbd7 5. Bc4 Be7 6. O-O O-O 7. Re1 a6 8. a4
b6 9. Bg5 c6 10. d5 c5 11. h3 Ne8 12. Be3 g6 13. Rb1 Ng7 14. b4 f5 15. Bh6 f4
16. Nd2 Bg5 17. Bxg7 Kxg7 18. Be2 h5 19. Nc4 Qc7 20. Rb3 Bh4 21. Rf1 Rb8 22.
Qb1 f3 23. Bxf3 cxb4 24. Rxb4 a5 25. Nb5 Qc5 26. Rb3 Qxc4 27. Rc3 Qxa4 28. Ra3
Qb4 29. Rb3 Qd2 30. g3 Nc5 31. Re3 Bg5 32. Rc3 Be7 0-1

[Event "Cto Equipos Aragon 2013 Div. Honor I"]
[Site "Aragon"]
[Date "2013.03.10"]
[Round "7.3"]
[White "Gonzalez Gambau, Jorge"]
[Black "Vasilev, Vas"]
[Result "1-0"]
[WhiteElo "2118"]
[BlackElo "1914"]
[PlyCount "71"]
[EventDate "2013.??.??"]
[EventType "tourn"]
[EventRounds "7"]
[EventCountry "ESP"]
[WhiteTeam "Casino Jaque"]
[BlackTeam "Caissa - Hnos. Cortes"]

1. e4 g6 2. d4 Bg7 3. Nc3 c6 4. f4 d5 5. e5 h5 6. Bd3 Nh6 7. Nf3 Bg4 8. h3 Bxf3
9. Qxf3 e6 10. Be3 h4 11. O-O-O Nd7 12. Kb1 b5 13. g4 hxg3 14. h4 Nf5 15. Bxf5
gxf5 16. h5 Bh6 17. Qxg3 Nb6 18. Bf2 Nc4 19. b3 Na3+ 20. Kb2 Qa5 21. Nb1 Nxc2
22. Kxc2 Qxa2+ 23. Kc1 O-O-O 24. Rd2 Qa1 25. Be3 c5 26. Qf2 cxd4 27. Bxd4 Qa6
28. Ra2 Qxa2 29. Qxa2 Bxf4+ 30. Kb2 Rd7 31. Nc3 Rg8 32. Qa6+ Kd8 33. Qxb5 Rg2+
34. Kb1 Kc8 35. h6 Rg8 36. Qc6+ 1-0